Movies Quiz

Random Movies or Actor Quiz

Actors by Role III Quiz Stats

 Plays Quiz Updated Jul 28, 2013

Also try: Actors by Role
Challenge
Share
Tweet
Embed
Score 0/20 Timer 06:00
0 Plays Today
Characters Actor/Actress % Correct
Archie Gates, Danny Ocean, Ryan BinghamGeorge Clooney
88.6%
Joel Goodsen, Ethan Hunt, MaverickTom Cruise
86.4%
Melanie Smooter, Elle Woods, June CarterReese Witherspoon
79.3%
Tiffany Maxwell, Ree Dolly, Katniss EverdeenJennifer Lawrence
74.5%
Pepper Potts, Margot Tenenbaum, Kelly CantersGwyneth Paltrow
59.6%
Mia Thermopolis, Andrea Sachs, Selina KyleAnne Hathaway
56.2%
John Dillinger, George Jung, Raoul DukeJohnny Depp
55.4%
Dieter Dengler, Patrick Bateman, John ConnorChristian Bale
54.3%
John Keating, Sean Maguire, Teddy RooseveltRobin Williams
49.5%
Bill Cutting, Daniel Plainview, HawkeyeDaniel Day-Lewis
42.3%
Characters Actor/Actress % Correct
Steve Butabi, Chazz Reinhold, MugatuWill Ferrell
40.8%
Tony Perkis, Tugg Speedman, White GoodmanBen Stiller
40.2%
Giselle, Amelia Earhart, Julie PowellAmy Adams
36.5%
Skeeter Phelan, Gwen Stacy, Grace FaradayEmma Stone
35.8%
Gary Grobowski, Jeremy Grey, Peter La FleurVince Vaughn
32.3%
Crash Davis, Ray Kinsella, Billy ChapelKevin Costner
32.3%
Patrick Verona, Gabriel Martin, Ennis Del MarHeath Ledger
29.2%
Lux Lisbon, Lizzie Bradbury, Torrance ShipmanKirsten Dunst
17%
Dale Denton, Ben Stone, Ira WrightSeth Rogen
14.6%
Samantha Baker, Andie Walsh, Claire StandishMolly Ringwald
11.2%

You're not logged in!

Compare scores with friends on all Sporcle quizzes.
Join for Free
OR
Log In

You Might Also Like...

Show Comments

Extras

Top Quizzes Today


Score Distribution

Your Account Isn't Verified!

In order to create a playlist on Sporcle, you need to verify the email address you used during registration. Go to your Sporcle Settings to finish the process.

Report this User

Report this user for behavior that violates our Community Guidelines.

Details: